[Event "CHN-ch U20"]
[Site "Shenzhen"]
[Date "2023.07.31"]
[Round "7"]
[White "Wu, Tong"]
[Black "Hu, Zehan"]
[Result "0-1"]
[WhiteElo "1265"]
[BlackElo "1626"]
[PlyCount "75"]
[EventDate "2023.07.28"]
[EventType "swiss"]
[EventRounds "11"]
[EventCountry "CHN"]
[SourceTitle "CBM 215 Extra"]
[Source "ChessBase"]
[SourceDate "2023.09.30"]
[SourceVersion "1"]
[SourceVersionDate "2023.09.30"]
[SourceQuality "1"]

1. d4 Nf6 2. Bf4 g6 3. e3 Bg7 4. Nd2 d6 5. h3 0-0 6. Ngf3 Nfd7 7. Bh2 e5 8. Be2 f5 9. 0-0 Nc6 10. c3 e4 11. Ne1 Nf6 12. a4 Kh8 13. a5 a6 14. Nc2 g5 15. f3 exf3 16. gxf3 Qe8 17. c4 Bd7 18. d5 Ne7 19. b4 Qh5 20. f4 g4 21. hxg4 Nxg4 22. Bg3 Qh3 23. Rf3 c6 24. Qf1 Qh5 25. dxc6 Bxc6 26. Nd4 Bxf3 27. N2xf3 Nxe3 28. Qf2 Ng4 29. Qg2 Nc6 30. Rd1 Ne3 31. Ng5 Qg6 32. Qf3 Nxd1 33. Nde6 Nd4 34. Qh5 Nxe6 35. Qxg6 hxg6 36. Nxe6 Nc3 37. Bd3 Rf7 38. Ng5 0-1